000 00437nam a2200145Ia 4500
008 231217s9999 xx 000 0 und d
041 _aEnglish
082 _a001.535 HOF;1 R
100 _aHofstadtef, Douglas R.
245 0 _aMetamagical themas : questing for the essence of mind and pattern
260 _c1985
_bBantam Books
_aNew York
300 _axxviii+852
650 _aMetamagical,themas,questing,essence,mind
942 _cAA
999 _c182587
_d182587